[Event "Ghent Eastman op 40th"]
[Site "Ghent"]
[Date "2017.07.16"]
[Round "4"]
[White "Van Beers, Eddy"]
[Black "Vermaat, Marcel"]
[Result "1-0"]
[WhiteElo "2312"]
[BlackElo "2160"]
[PlyCount "111"]
[EventDate "2017.07.15"]
[EventType "swiss"]
[EventRounds "9"]
[EventCountry "BEL"]
[SourceTitle "CBM 179 Extra"]
[Source "ChessBase"]
[SourceDate "2017.08.23"]
[SourceVersion "1"]
[SourceVersionDate "2017.08.23"]
[SourceQuality "1"]

1. e4 c5 2. c3 Nf6 3. e5 Nd5 4. d4 e6 5. Nf3 cxd4 6. cxd4 Nc6 7. Bc4 d6 8. 0-0 dxe5 9. dxe5 Be7 10. Qe2 Qc7 11. Rd1 0-0 12. Bxd5 exd5 13. Nc3 Bg4 14. Nxd5 Bxf3 15. gxf3 Qc8 16. Nxe7+ Nxe7 17. Qe4 Ng6 18. Bf4 f5 19. exf6 Rxf6 20. Bg3 b6 21. Rd3 Qf8 22. Bd6 Qe8 23. Re1 Qxe4 24. fxe4 Rd8 25. Red1 Kf7 26. Bg3 Rxd3 27. Rxd3 Rc6 28. Rd7+ Kf6 29. Rxa7 Rc2 30. b3 Ne5 31. Bxe5+ Kxe5 32. Rxg7 Rxa2 33. Rxh7 Rb2 34. Rh3 Kxe4 35. Re3+ Kf4 36. Kg2 b5 37. h4 Rc2 38. Rh3 Rc7 39. h5 Rg7+ 40. Kf1 Rh7 41. h6 Kg4 42. Kg2 b4 43. Rh1 Kg5 44. Kg3 Kg6 45. Kg4 Kf7 46. Kg5 Kg8 47. Rh4 Rb7 48. f4 Kh7 49. f5 Rb6 50. Re4 Rb5 51. Re7+ Kh8 52. Kg6 Rb8 53. f6 Rg8+ 54. Rg7 Rf8 55. Rh7+ Kg8 56. f7+ 1-0

[Event "Ghent Eastman op 40th"]
[Site "Ghent"]
[Date "2017.07.15"]
[Round "1"]
[White "Verduyckt, Johan"]
[Black "Van Beers, Eddy"]
[Result "0-1"]
[WhiteElo "1832"]
[BlackElo "2312"]
[PlyCount "46"]
[EventDate "2017.07.15"]
[EventType "swiss"]
[EventRounds "9"]
[EventCountry "BEL"]
[SourceTitle "CBM 179 Extra"]
[Source "ChessBase"]
[SourceDate "2017.08.23"]
[SourceVersion "1"]
[SourceVersionDate "2017.08.23"]
[SourceQuality "1"]

1. d4 Nf6 2. Bf4 g6 3. Nf3 Bg7 4. h3 0-0 5. Nbd2 c5 6. e3 b6 7. Bd3 Bb7 8. 0-0 d6 9. a4 Nc6 10. Bc4 Rc8 11. c3 Qc7 12. Bg3 e5 13. Rc1 Qe7 14. dxe5 dxe5 15. Qe2 e4 16. Ne1 Rcd8 17. Nc2 Ne5 18. Ba2 Nh5 19. Bf4 Nd3 20. Rb1 Nhxf4 21. exf4 Nxf4 22. Qe3 Qg5 23. g3 Rxd2 0-1

[Event "Brasschaat op 10th"]
[Site "Brasschaat"]
[Date "2010.08.16"]
[Round "3"]
[White "Van Beers, Eddy"]
[Black "Janssens, Carlo"]
[Result "1/2-1/2"]
[WhiteElo "2343"]
[BlackElo "2094"]
[PlyCount "51"]
[EventDate "2010.08.14"]
[EventType "swiss"]
[EventRounds "9"]
[EventCountry "BEL"]
[SourceTitle "CBM 138 Extra"]
[Source "ChessBase"]
[SourceDate "2010.10.29"]
[SourceVersion "1"]
[SourceVersionDate "2010.10.29"]
[SourceQuality "1"]

1. e4 c5 2. c3 Nf6 3. e5 Nd5 4. Nf3 Nc6 5. Bc4 Nb6 6. Bb3 d6 7. exd6 Qxd6 8. 0-0 c4 9. Bc2 Bg4 10. h3 Bh5 11. Qe2 e6 12. Na3 Qf4 13. b3 Bxf3 14. Qxf3 Qxf3 15. gxf3 Bxa3 16. Bxa3 0-0-0 17. Rfd1 Ne5 18. Bc5 Nxf3+ 19. Kg2 Ne5 20. bxc4 Nexc4 21. d3 Nb2 22. Bxb6 axb6 23. Rd2 Nc4 24. Rdd1 Nd6 25. Rdb1 Kc7 26. a4 1/2-1/2

[Event "BEL-chT 0708"]
[Site "Belgium"]
[Date "2008.01.06"]
[Round "6.2"]
[White "Fedorchuk, Sergey A"]
[Black "Van Beers, Eddy"]
[Result "1-0"]
[WhiteElo "2652"]
[BlackElo "2406"]
[PlyCount "63"]
[EventDate "2007.09.30"]
[EventType "team-tourn"]
[EventRounds "11"]
[EventCountry "BEL"]
[SourceTitle "EXT 2009"]
[Source "ChessBase"]
[SourceDate "2008.11.26"]
[SourceVersion "1"]
[SourceVersionDate "2008.11.26"]
[SourceQuality "1"]
[WhiteTeam "Bredene"]
[BlackTeam "Boey Temse"]
[WhiteTeamCountry "BEL"]
[BlackTeamCountry "BEL"]

1. e4 c5 2. Nf3 d6 3. d4 cxd4 4. Nxd4 Nf6 5. Nc3 a6 6. a4 Nc6 7. Be2 e5 8. Nb3 Be7 9. Be3 Be6 10. Nd5 0-0 11. Bf3 Bxd5 12. exd5 Na5 13. Nd2 Qc7 14. 0-0 Rac8 15. Rc1 b5 16. axb5 axb5 17. b3 b4 18. Ra1 Bd8 19. Ra4 Qxc2 20. Rxb4 Qc3 21. Rb5 Re8 22. Be2 Re7 23. b4 Nb7 24. Qa4 Qc7 25. Ra1 Qd7 26. h3 h6 27. Qb3 Rc7 28. Rb6 Qc8 29. Nc4 Nxd5 30. Nxd6 Nxd6 31. Qxd5 Rcd7 32. Rxd6 1-0

[Event "Antwerp"]
[Site "Antwerp"]
[Date "2007.07.08"]
[Round "9"]
[White "De Wit, Michel"]
[Black "Van Beers, Eddy"]
[Result "1/2-1/2"]
[WhiteElo "2265"]
[BlackElo "2359"]
[PlyCount "32"]
[EventDate "2007.06.30"]
[EventType "tourn"]
[EventRounds "9"]
[EventCountry "BEL"]
[EventCategory "5"]
[SourceTitle "CBM 119 Extra"]
[Source "ChessBase"]
[SourceDate "2007.09.04"]
[SourceVersion "1"]
[SourceVersionDate "2007.09.04"]
[SourceQuality "1"]

1. e4 c5 2. c3 Nf6 3. e5 Nd5 4. Nf3 e6 5. Bc4 Nb6 6. Bb3 d6 7. Qe2 Qc7 8. 0-0 c4 9. Bc2 N8d7 10. exd6 Bxd6 11. Re1 Nf6 12. b3 Bd7 13. Ba3 Rc8 14. Ne5 cxb3 15. axb3 a6 16. d4 Bxa3 1/2-1/2

[Event "NRW Class2 0607"]
[Site "Germany"]
[Date "2007.04.15"]
[Round "8.2"]
[White "Van Beers, Eddy"]
[Black "Engels, Natia"]
[Result "1/2-1/2"]
[WhiteElo "2354"]
[BlackElo "2159"]
[PlyCount "78"]
[EventDate "2006.09.17"]
[EventType "team-tourn"]
[EventRounds "9"]
[EventCountry "GER"]
[SourceTitle "EXT 2008"]
[Source "ChessBase"]
[SourceDate "2007.11.25"]
[SourceVersion "1"]
[SourceVersionDate "2007.11.25"]
[SourceQuality "1"]
[WhiteTeam "Koeln Brueck"]
[BlackTeam "Muenster II"]
[WhiteTeamCountry "GER"]
[BlackTeamCountry "GER"]

1. e4 c5 2. c3 e6 3. d4 d5 4. exd5 exd5 5. Nf3 c4 6. b3 cxb3 7. axb3 Nc6 8. Bd3 Bd6 9. 0-0 Nge7 10. Bg5 h6 11. Bh4 0-0 12. Re1 Be6 13. Nbd2 Qc8 14. Bg3 Bxg3 15. hxg3 Bf5 16. Nf1 Rd8 17. Ne5 Nxe5 18. Rxe5 Bxd3 19. Qxd3 Nc6 20. Re2 a6 21. Rae1 b5 22. b4 a5 23. bxa5 Rxa5 24. Rb2 Na7 25. Qd2 Ra3 26. Rc1 Qa6 27. Qe2 Qa5 28. Qe7 Rc8 29. Rbc2 Ra1 30. Qb7 Rxc1 31. Rxc1 Qa3 32. Re1 Rf8 33. Qxd5 Qxc3 34. Re3 Qc1 35. Qb7 Nc6 36. Qc7 Qc4 37. Nd2 Qc1+ 38. Nf1 Qc4 39. Nd2 Qc1+ 1/2-1/2

[Event "BEL-chT 0607"]
[Site "Belgium"]
[Date "2007.03.11"]
[Round "10"]
[White "Vandendriessche, Jan"]
[Black "Van Beers, Eddy"]
[Result "0-1"]
[WhiteElo "2227"]
[BlackElo "2357"]
[PlyCount "146"]
[EventDate "2006.10.01"]
[EventType "team-tourn"]
[EventRounds "11"]
[EventCountry "BEL"]
[SourceTitle "EXT 2008"]
[Source "ChessBase"]
[SourceDate "2007.11.25"]
[SourceVersion "1"]
[SourceVersionDate "2007.11.25"]
[SourceQuality "1"]
[WhiteTeam "KBSK Brugge II"]
[BlackTeam "Leuven Centraal"]
[WhiteTeamCountry "BEL"]
[BlackTeamCountry "BEL"]

1. Nf3 f5 2. d3 d6 3. e4 e5 4. Nc3 Nc6 5. exf5 Bxf5 6. d4 Nxd4 7. Nxd4 exd4 8. Qxd4 c6 9. Bc4 d5 10. 0-0 Qf6 11. Re1+ Be7 12. Qxf6 Nxf6 13. Bb3 Kf7 14. Be3 Rhe8 15. Rad1 Bb4 16. a3 Bxc3 17. bxc3 b5 18. f3 a6 19. Kf2 h6 20. a4 Be6 21. Ra1 Nd7 22. Red1 Rec8 23. Ra3 g5 24. h4 Kg6 25. Re1 Bf7 26. hxg5 hxg5 27. Rd1 Be6 28. Re1 Bf7 29. Rd1 Be6 30. Re1 g4 31. axb5 axb5 32. Rxa8 Rxa8 33. Rh1 Nf6 34. Rh6+ Kg7 35. Bg5 Rf8 36. Rh1 Ne4+ 37. Ke3 Nxg5 38. fxg4 Bxg4 39. Kd4 Ne4 40. Ra1 Rf5 41. c4 c5+ 42. Ke3 bxc4 43. Bxc4 dxc4 44. Kxe4 Rf2 45. c3 Be6 46. Ke5 Bf7 47. g4 Rd2 48. Kf5 Rd5+ 49. Kf4 Rd3 50. Ra3 Kf6 51. Ra6+ Kg7 52. Ra3 Rd6 53. Ra5 Rb6 54. Ke3 Re6+ 55. Kf4 Re2 56. Ra3 Rb2 57. Ra5 Rb3 58. Rxc5 Rxc3 59. g5 Rc1 60. Ke3 Kg6 61. Kf4 Rf1+ 62. Ke4 Rf2 63. Kd4 Rf5 64. Rc7 Kxg5 65. Ke3 Kf6 66. Kd4 Rd5+ 67. Ke4 Rd3 68. Rc6+ Be6 69. Rc5 Rd8 70. Ke3 Rc8 71. Ra5 c3 72. Ra1 c2 73. Rc1 Bf5 0-1

[Event "BEL-chT 0607"]
[Site "Belgium"]
[Date "2006.12.08"]
[Round "7"]
[White "Knoppert, Erik"]
[Black "Van Beers, Eddy"]
[Result "0-1"]
[WhiteElo "2334"]
[BlackElo "2357"]
[PlyCount "78"]
[EventDate "2006.10.01"]
[EventType "team-tourn"]
[EventRounds "11"]
[EventCountry "BEL"]
[SourceTitle "EXT 2008"]
[Source "ChessBase"]
[SourceDate "2007.11.25"]
[SourceVersion "1"]
[SourceVersionDate "2007.11.25"]
[SourceQuality "1"]
[WhiteTeam "Borgerhout"]
[BlackTeam "Leuven Centraal"]
[WhiteTeamCountry "BEL"]
[BlackTeamCountry "BEL"]

1. e4 c5 2. Ne2 d6 3. Nbc3 e5 4. g3 Nc6 5. Bg2 g6 6. 0-0 Bg7 7. Nd5 Nge7 8. Nxe7 Nxe7 9. c3 Qb6 10. d3 0-0 11. Qc2 Be6 12. f4 Rfe8 13. Be3 Qa5 14. h3 Rac8 15. Kh2 Qc7 16. Qd2 d5 17. fxe5 dxe4 18. d4 Rcd8 19. Bxe4 Bxe5 20. Bf4 Bc4 21. Bd3 Bxf4 22. Rxf4 Bxd3 23. Qxd3 Nf5 24. Raf1 Re3 25. Qd2 Rde8 26. R1f2 Qe7 27. Ng1 cxd4 28. cxd4 Nxg3 29. Rxf7 Qxf7 30. Rxf7 Kxf7 31. Qb4 R8e7 32. d5 Nf5 33. Kg2 Nh4+ 34. Kf2 Nf5 35. Qf4 R3e4 36. Qd2 Rd4 37. Qa5 b6 38. Qb5 Rd2+ 39. Kf3 Nd4+ 0-1

[Event "BEL-chT 0607"]
[Site "Belgium"]
[Date "2006.10.22"]
[Round "2"]
[White "Van Beers, Eddy"]
[Black "Kalka, Arkadius Georg"]
[Result "1-0"]
[WhiteElo "2370"]
[BlackElo "2401"]
[PlyCount "103"]
[EventDate "2006.10.01"]
[EventType "team-tourn"]
[EventRounds "11"]
[EventCountry "BEL"]
[SourceTitle "EXT 2007"]
[Source "ChessBase"]
[SourceDate "2006.11.23"]
[SourceVersion "1"]
[SourceVersionDate "2006.11.23"]
[SourceQuality "1"]
[WhiteTeam "Leuven Centraal"]
[BlackTeam "SK Rochade"]
[WhiteTeamCountry "BEL"]
[BlackTeamCountry "BEL"]

1. e4 e5 2. Nf3 Nc6 3. Bb5 a6 4. Ba4 Nf6 5. 0-0 Be7 6. Re1 b5 7. Bb3 d6 8. c3 0-0 9. h3 Nd7 10. d4 Bf6 11. a4 Bb7 12. d5 Na5 13. Bc2 Be7 14. Nbd2 Nb6 15. Nf1 c6 16. dxc6 Bxc6 17. axb5 axb5 18. Ng3 g6 19. Bh6 Re8 20. Qe2 Nb7 21. Rad1 Bf6 22. Bd3 Qd7 23. Nh2 Nc5 24. Ng4 Bh4 25. Bb1 Qe7 26. b4 Ne6 27. Ne3 Nf4 28. Qg4 Bxg3 29. fxg3 Bd7 30. Nf5 Bxf5 31. exf5 Nh5 32. fxg6 hxg6 33. Rf1 Nc4 34. Rxf7 Qxf7 35. Bxg6 Qa7+ 36. Kh2 Nf6 37. Qg5 Nh7 38. Qg4 Kh8 39. Rf1 Re7 40. Qh5 Ne3 41. Rf3 Nxg2 42. Kxg2 e4 43. Rf1 e3 44. Bg5 Qb7+ 45. Kg1 e2 46. Bf6+ Kg8 47. Bxh7+ Rxh7 48. Qxe2 Qd7 49. Qe4 Ra7 50. Qg6+ Rg7 51. Bxg7 Qxg7 52. Rf6 1-0

[Event "NRW Class1 0506"]
[Site "Germany"]
[Date "2006.01.08"]
[Round "5.2"]
[White "Van Beers, Eddy"]
[Black "Stoyanov, Petar"]
[Result "1/2-1/2"]
[WhiteElo "2370"]
[BlackElo "2263"]
[PlyCount "94"]
[EventDate "2005.09.25"]
[EventType "team"]
[EventRounds "9"]
[EventCountry "GER"]
[SourceTitle "EXT 2006"]
[Source "ChessBase"]
[SourceDate "2005.11.24"]
[SourceVersion "1"]
[SourceVersionDate "2005.11.24"]
[SourceQuality "1"]
[WhiteTeam "Koeln Brueck"]
[BlackTeam "Gesch"]
[WhiteTeamCountry "GER"]
[BlackTeamCountry "GER"]

1. e4 c5 2. c3 g6 3. d4 b6 4. Nf3 Bb7 5. Bd3 Bg7 6. 0-0 d6 7. Re1 Nd7 8. Bg5 Qc7 9. Na3 a6 10. Qe2 h6 11. Bh4 e5 12. dxe5 dxe5 13. Rad1 Ngf6 14. Nc4 0-0 15. Bc2 b5 16. Bxf6 Bxf6 17. Ne3 Rad8 18. c4 b4 19. Nd5 Bxd5 20. exd5 Bg7 21. Nh4 Qd6 22. g4 Rde8 23. Be4 Nb6 24. Qd3 Nc8 25. Kh1 Qd8 26. Qh3 Nd6 27. b3 a5 28. f3 a4 29. Rg1 Qg5 30. Qg3 axb3 31. axb3 Ra8 32. Ng2 Ra3 33. h4 Qe7 34. Bc2 Rfa8 35. h5 Qf6 36. hxg6 fxg6 37. Nh4 g5 38. Ng2 Ra2 39. Ne3 Rb2 40. Ra1 Raa2 41. Rxa2 Rxa2 42. Rf1 Qf4 43. Qe1 Ra3 44. Qe2 Qg3 45. Qf2 Qf4 46. Qe2 Qg3 47. Qf2 Qf4 1/2-1/2

[Event "Vlaardingen op act"]
[Site "Vlaardingen"]
[Date "2005.09.??"]
[Round "7"]
[White "Van Beers, Eddy"]
[Black "Gutman, Lev"]
[Result "0-1"]
[WhiteElo "2370"]
[BlackElo "2465"]
[PlyCount "46"]
[EventDate "2005.09.??"]
[EventType "swiss (rapid)"]
[EventRounds "9"]
[EventCountry "NED"]
[SourceTitle "CBM 108 Extra"]
[Source "ChessBase"]
[SourceDate "2005.11.04"]
[SourceVersion "1"]
[SourceVersionDate "2005.11.04"]
[SourceQuality "1"]

1. e4 c5 2. c3 Nf6 3. e5 Nd5 4. d4 cxd4 5. Nf3 g6 6. Bc4 Nb6 7. Bb3 Bg7 8. cxd4 0-0 9. Bf4 d6 10. exd6 Bg4 11. 0-0 Nc6 12. dxe7 Qxe7 13. d5 Nd4 14. Nbd2 Ne2+ 15. Kh1 Nxf4 16. h3 Bf5 17. Re1 Qd6 18. Ne4 Bxe4 19. Rxe4 Nh5 20. Re2 Rad8 21. Rd2 Nf6 22. Qf1 Ne4 23. Re2 Nc5 0-1

[Event "Vlaardingen op act"]
[Site "Vlaardingen"]
[Date "2005.09.??"]
[Round "3"]
[White "Van Beers, Eddy"]
[Black "Seirawan, Yasser"]
[Result "0-1"]
[WhiteElo "2370"]
[BlackElo "2635"]
[PlyCount "61"]
[EventDate "2005.09.??"]
[EventType "swiss (rapid)"]
[EventRounds "9"]
[EventCountry "NED"]
[SourceTitle "CBM 108 Extra"]
[Source "ChessBase"]
[SourceDate "2005.11.04"]
[SourceVersion "1"]
[SourceVersionDate "2005.11.04"]
[SourceQuality "1"]

1. e4 c6 2. d4 d5 3. exd5 cxd5 4. c4 Nf6 5. Nc3 g6 6. Qb3 Bg7 7. cxd5 0-0 8. Be2 Nbd7 9. Bf3 Nb6 10. Nge2 Bg4 11. Bxg4 Nxg4 12. a4 Qd7 13. a5 Nc8 14. 0-0 Rd8 15. Rd1 Nd6 16. Bf4 Rab8 17. Ra4 b5 18. axb6 Rxb6 19. Qa3 Nc8 20. Rc4 Rb7 21. Rc5 Nb6 22. Rc1 Nf6 23. Qa5 h6 24. Be5 Nbxd5 25. Nxd5 Nxd5 26. Nc3 Bxe5 27. Rxd5 Bd6 28. Rb5 Rdb8 29. Rxb7 Qxb7 30. Rb1 Bb4 31. Ra1 0-1

[Event "BEL-chT 0405"]
[Site "Belgium"]
[Date "2005.03.20"]
[Round "11"]
[White "Van Beers, Eddy"]
[Black "Winants, Luc"]
[Result "1/2-1/2"]
[WhiteElo "2378"]
[BlackElo "2535"]
[PlyCount "36"]
[EventDate "2004.09.09"]
[EventType "team-tourn"]
[EventRounds "11"]
[EventCountry "BEL"]
[SourceTitle "EXT 2006"]
[Source "ChessBase"]
[SourceDate "2005.11.24"]
[SourceVersion "1"]
[SourceVersionDate "2005.11.24"]
[SourceQuality "1"]
[WhiteTeam "Leuven Lustige Vrijpion"]
[BlackTeam "Liege Crelel"]
[WhiteTeamCountry "BEL"]
[BlackTeamCountry "BEL"]

1. e4 e5 2. Nf3 Nc6 3. Bb5 a6 4. Ba4 Nf6 5. 0-0 Be7 6. Re1 b5 7. Bb3 d6 8. c3 0-0 9. h3 Be6 10. d4 Bxb3 11. axb3 exd4 12. cxd4 d5 13. e5 Ne4 14. Nc3 f5 15. exf6 Bxf6 16. Nxe4 dxe4 17. Rxe4 Qd5 18. Rg4 h5 1/2-1/2

[Event "NRW Class1 0405"]
[Site "Germany"]
[Date "2005.01.09"]
[Round "5.2"]
[White "Matthias, Heiner"]
[Black "Van Beers, Eddy"]
[Result "1-0"]
[WhiteElo "2372"]
[BlackElo "2383"]
[PlyCount "81"]
[EventDate "2004.10.10"]
[EventType "team"]
[EventRounds "9"]
[EventCountry "GER"]
[SourceTitle "EXT 2006"]
[Source "ChessBase"]
[SourceDate "2005.11.24"]
[SourceVersion "1"]
[SourceVersionDate "2005.11.24"]
[SourceQuality "1"]
[WhiteTeam "Lippstadt Turm"]
[BlackTeam "Koeln Brueck"]
[WhiteTeamCountry "GER"]
[BlackTeamCountry "GER"]

1. c4 f5 2. Nc3 Nf6 3. g3 g6 4. Bg2 Bg7 5. e3 0-0 6. Nge2 d6 7. 0-0 e5 8. Rb1 a5 9. a3 c6 10. d4 e4 11. f3 exf3 12. Bxf3 Re8 13. Nf4 Nbd7 14. Qd3 Qe7 15. Bd2 Ne4 16. Rbe1 Ndf6 17. Bc1 Be6 18. Nxe6 Qxe6 19. Na4 Nd7 20. Bg2 Rab8 21. d5 cxd5 22. cxd5 Qe7 23. Qb5 b6 24. b4 axb4 25. axb4 Rec8 26. Re2 Ndf6 27. Bb2 Qd7 28. Qxd7 Nxd7 29. Bxg7 Kxg7 30. g4 Rc4 31. Nb2 Rxb4 32. gxf5 Ndf6 33. Nd3 Rb3 34. Nf4 gxf5 35. Ne6+ Kg6 36. Bxe4 Nxe4 37. Rg2+ Kf6 38. Nd4 Rxe3 39. Rxf5+ Ke7 40. Rg7+ Ke8 41. Rg8+ 1-0

[Event "NRW Class1 0405"]
[Site "Germany"]
[Date "2004.12.12"]
[Round "4.2"]
[White "Van Beers, Eddy"]
[Black "Mainka, Gregor"]
[Result "1-0"]
[WhiteElo "2383"]
[BlackElo "2342"]
[PlyCount "87"]
[EventDate "2004.10.10"]
[EventType "team"]
[EventRounds "9"]
[EventCountry "GER"]
[SourceTitle "EXT 2006"]
[Source "ChessBase"]
[SourceDate "2005.11.24"]
[SourceVersion "1"]
[SourceVersionDate "2005.11.24"]
[SourceQuality "1"]
[WhiteTeam "Koeln Brueck"]
[BlackTeam "Brackel"]
[WhiteTeamCountry "GER"]
[BlackTeamCountry "GER"]

1. e4 e6 2. d4 d5 3. Nd2 Nf6 4. e5 Nfd7 5. c3 c5 6. Bd3 b6 7. Nh3 Ba6 8. Bxa6 Nxa6 9. 0-0 Qc8 10. Qg4 cxd4 11. cxd4 Qc2 12. Nf4 h5 13. Qg3 Qf5 14. a3 0-0-0 15. Qd3 Qxd3 16. Nxd3 Kb7 17. Nf3 Be7 18. Bg5 f6 19. exf6 gxf6 20. Bf4 Nf8 21. Rfe1 Nc7 22. Re3 Nb5 23. Rae1 Nd6 24. Nh4 Ne4 25. Rc1 Rc8 26. Ree1 Rxc1 27. Rxc1 Nd6 28. Nb4 Nb5 29. Nc6 Bd6 30. Nd8+ Ka6 31. Bxd6 Nxd6 32. Rc6 Nc4 33. Nxe6 Kb5 34. Rc8 Ng6 35. Nc7+ Kc6 36. Ne8+ Kd7 37. Rc7+ Kxe8 38. Nxg6 Rg8 39. Nf4 Nxb2 40. Rxa7 Nc4 41. Ra8+ Kf7 42. Rxg8 Kxg8 43. Nxd5 Kf7 44. a4 1-0

[Event "BEL-chT 0405"]
[Site "Belgium"]
[Date "2004.12.05"]
[Round "5"]
[White "Jaracz, Pawel"]
[Black "Van Beers, Eddy"]
[Result "1-0"]
[WhiteElo "2531"]
[BlackElo "2383"]
[PlyCount "67"]
[EventDate "2004.09.09"]
[EventType "team-tourn"]
[EventRounds "11"]
[EventCountry "BEL"]
[SourceTitle "EXT 2006"]
[Source "ChessBase"]
[SourceDate "2005.11.24"]
[SourceVersion "1"]
[SourceVersionDate "2005.11.24"]
[SourceQuality "1"]
[WhiteTeam "Boey Temse II"]
[BlackTeam "Leuven Lustige Vrijpion"]
[WhiteTeamCountry "BEL"]
[BlackTeamCountry "BEL"]

1. d4 Nf6 2. Nf3 e6 3. c4 b6 4. a3 Bb7 5. Nc3 d5 6. Bg5 Be7 7. Bxf6 Bxf6 8. cxd5 exd5 9. e3 0-0 10. Bb5 Qd6 11. 0-0 Nd7 12. Qe2 a6 13. Ba4 Rfe8 14. Rfd1 g6 15. Rac1 Re7 16. Qc2 Rc8 17. Bb3 Bg7 18. Ba2 Nf6 19. b4 Ne4 20. Nxe4 Rxe4 21. Rd3 Re7 22. Rc3 h6 23. Ne1 h5 24. Nd3 h4 25. a4 h3 26. g3 c6 27. Qd1 Rce8 28. Qf1 Qd7 29. a5 bxa5 30. bxa5 Qf5 31. Nf4 Bc8 32. Rxc6 Bh6 33. Bb1 Qg4 34. Nxd5 1-0

[Event "Olympiad-36"]
[Site "Mallorca"]
[Date "2004.10.17"]
[Round "3"]
[White "Ruck, Robert"]
[Black "Van Beers, Eddy"]
[Result "1-0"]
[WhiteElo "2562"]
[BlackElo "2383"]
[PlyCount "91"]
[EventDate "2004.10.15"]
[EventType "team-swiss"]
[EventRounds "14"]
[EventCountry "ESP"]
[SourceTitle "CBM 104"]
[Source "ChessBase"]
[SourceDate "2005.01.27"]
[SourceVersion "1"]
[SourceVersionDate "2005.01.27"]
[SourceQuality "1"]
[WhiteTeam "Hungary"]
[BlackTeam "Belgium"]
[WhiteTeamCountry "HUN"]
[BlackTeamCountry "BEL"]

1. c4 e5 2. g3 Nf6 3. Bg2 c6 4. d4 exd4 5. Qxd4 d5 6. cxd5 cxd5 7. Nf3 Be7 8. 0-0 0-0 9. Be3 Nc6 10. Qa4 Be6 11. Nc3 Qd7 12. Rfd1 Rfd8 13. Rac1 h6 14. Rd2 Ng4 15. Bd4 Nxd4 16. Nxd4 Qxa4 17. Nxa4 Bg5 18. f4 Rac8 19. Rxc8 Rxc8 20. Nc3 Bf6 21. Bh3 h5 22. Bxg4 hxg4 23. Kf2 g6 24. Nd1 Rc4 25. Nxe6 fxe6 26. b3 Rd4 27. Rxd4 Bxd4+ 28. e3 Bg7 29. Ke2 e5 30. fxe5 Bxe5 31. Nf2 Kf7 32. Nxg4 Bc7 33. Kf3 Ke6 34. h4 a5 35. Nf2 d4 36. exd4 Kd5 37. Nd3 Kxd4 38. Nf4 Be5 39. Nxg6 Bg7 40. g4 Kc3 41. g5 Kb2 42. h5 Kxa2 43. h6 Bc3 44. Nf4 Kxb3 45. g6 a4 46. g7 1-0

[Event "NED-chT 0405"]
[Site "Netherlands"]
[Date "2004.09.18"]
[Round "1.3"]
[White "Van Beers, Eddy"]
[Black "Delemarre, Jop"]
[Result "1-0"]
[WhiteElo "2383"]
[BlackElo "2449"]
[PlyCount "65"]
[EventDate "2004.09.18"]
[EventType "team-tourn"]
[EventRounds "9"]
[EventCountry "NED"]
[SourceTitle "EXT 2014"]
[Source "ChessBase"]
[SourceDate "2013.11.20"]
[SourceVersion "1"]
[SourceVersionDate "2013.11.20"]
[SourceQuality "1"]
[WhiteTeam "Sas van Gent"]
[BlackTeam "Hilversum HSG"]
[WhiteTeamCountry "NED"]
[BlackTeamCountry "NED"]

1. e4 e6 2. d4 d5 3. Nd2 Nf6 4. e5 Nfd7 5. c3 c5 6. Bd3 Nc6 7. Ne2 cxd4 8. cxd4 f6 9. exf6 Nxf6 10. Nf3 Qc7 11. 0-0 Bd6 12. Bg5 0-0 13. Rc1 Bd7 14. Ng3 Qb6 15. Bxf6 gxf6 16. Qd2 Qc7 17. Qh6 Be8 18. Rfe1 Rf7 19. Nh5 Qe7 20. Bxh7+ Rxh7 21. Nxf6+ Kh8 22. Nxh7 Qxh7 23. Rxe6 Bb4 24. a3 Qxh6 25. Rxh6+ Kg7 26. Rhxc6 bxc6 27. axb4 Rb8 28. Ra1 Rxb4 29. Rxa7+ Kf6 30. g4 Rxb2 31. Rc7 Ke6 32. h4 Kd6 33. Rh7 1-0

[Event "BEL-ch"]
[Site "Westerlo"]
[Date "2004.07.10"]
[Round "8"]
[White "Van Beers, Eddy"]
[Black "Dutreeuw, Marc"]
[Result "1/2-1/2"]
[WhiteElo "2406"]
[BlackElo "2344"]
[PlyCount "20"]
[EventDate "2004.07.03"]
[EventType "swiss"]
[EventRounds "9"]
[EventCountry "BEL"]
[SourceTitle "CBM 101 Extra"]
[Source "ChessBase"]
[SourceDate "2004.09.01"]
[SourceVersion "2"]
[SourceVersionDate "2004.09.01"]
[SourceQuality "1"]

1. e4 e5 2. Nf3 Nc6 3. Bc4 Nf6 4. d4 exd4 5. 0-0 Nxe4 6. Re1 d5 7. Bxd5 Qxd5 8. Nc3 Qa5 9. Nxe4 Be6 10. Bd2 Bb4 1/2-1/2

[Event "BEL-ch"]
[Site "Westerlo"]
[Date "2004.07.08"]
[Round "6"]
[White "Sadkowsky, Daniel"]
[Black "Van Beers, Eddy"]
[Result "1/2-1/2"]
[WhiteElo "2329"]
[BlackElo "2406"]
[PlyCount "23"]
[EventDate "2004.07.03"]
[EventType "swiss"]
[EventRounds "9"]
[EventCountry "BEL"]
[SourceTitle "CBM 101 Extra"]
[Source "ChessBase"]
[SourceDate "2004.09.01"]
[SourceVersion "2"]
[SourceVersionDate "2004.09.01"]
[SourceQuality "1"]

1. d4 Nf6 2. Nf3 e6 3. c4 b6 4. g3 Ba6 5. Qb3 d5 6. cxd5 Qxd5 7. Qxd5 Nxd5 8. a3 c5 9. e4 Bxf1 10. Kxf1 Nf6 11. Nc3 Nc6 12. dxc5 1/2-1/2

[Event "BL2-West 0304"]
[Site "Germany"]
[Date "2004.??.??"]
[Round "?.4"]
[White "Van Beers, Eddy"]
[Black "Richter, Christian"]
[Result "1/2-1/2"]
[WhiteElo "2430"]
[BlackElo "2330"]
[PlyCount "78"]
[EventDate "2003.12.14"]
[EventType "team-tourn"]
[EventRounds "9"]
[EventCountry "GER"]
[SourceTitle "CBM 100 Extra"]
[Source "ChessBase"]
[SourceDate "2004.07.06"]
[SourceVersion "2"]
[SourceVersionDate "2004.07.06"]
[SourceQuality "1"]
[WhiteTeam "Heiligenhaus"]
[BlackTeam "Emsdetten"]
[WhiteTeamCountry "GER"]
[BlackTeamCountry "GER"]

1. e4 e5 2. Nc3 Nf6 3. Bc4 c6 4. d4 exd4 5. Qxd4 b5 6. Be2 b4 7. Na4 d5 8. exd5 Qxd5 9. Nf3 Be7 10. 0-0 Be6 11. Be3 Nbd7 12. c3 Qa5 13. b3 c5 14. Qd3 0-0 15. cxb4 Qxb4 16. Bd2 Qb7 17. Nc3 h6 18. Rad1 Rfc8 19. Qa6 Qc7 20. Rfe1 Bf8 21. g3 Nb8 22. Qa4 Nc6 23. Bf4 Qb6 24. Bc4 Bxc4 25. Qxc4 Na5 26. Qe2 c4 27. bxc4 Bb4 28. Rc1 Rxc4 29. Na4 Qb5 30. Rxc4 Qxc4 31. Qxc4 Nxc4 32. Rb1 Nd5 33. Ne5 Rc8 34. Rc1 Nd6 35. Rxc8+ Nxc8 36. Nd3 Ba3 37. Be5 f6 38. Bd4 Kf7 39. Kf1 Ncb6 1/2-1/2